000 00644cam a22002293a 4500
001 25823
003 PGUSA
005 20140828083545.0
008 080617s2008||||xxu|||||s|||||000 | eng d
040 _aPGUSA
_beng
042 _adc
050 4 _aPZ
100 1 _aBassett, Sara Ware,
_d1872-1968
245 1 4 _aThe Story of Leather
_h[electronic resource] /
_cSara Ware Bassett
260 _bProject Gutenberg,
_c2008
506 _aPublic domain in the USA.
516 _aElectronic text
653 _aLeather -- Juvenile literature
830 0 _aProject Gutenberg
_v25823
856 4 0 _uhttp://www.gutenberg.org/ebooks/25823
942 _cEB
999 _c255078
_d255078